Port in Proximity : (Record no. 1509)

000 -LEADER
fixed length control field 00819nam a2200253 a 4500
008 - FIXED-LENGTH DATA ELEMENTS--GENERAL INFORMATION
fixed length control field 200107t2009 xxkad||g |||| 001 0 eng d
020 ## - INTERNATIONAL STANDARD BOOK NUMBER
International Standard Book Number 9780754676881
Terms of availability €. 75
040 ## - CATALOGING SOURCE
Original cataloging agency IMU Kochi Library
Language of cataloging eng
041 0# - LANGUAGE CODE
Language code of text/sound track or separate title eng
044 ## - COUNTRY OF PUBLISHING/PRODUCING ENTITY CODE
MARC country code United Kingdom
082 04 - DEWEY DECIMAL CLASSIFICATION NUMBER
Edition number 23
Classification number 387.1
Item number N848
245 10 - TITLE STATEMENT
Title Port in Proximity :
Sub Title Competition and Coordination among Adjacent Seaports /
260 ## - PUBLICATION, DISTRIBUTION, ETC. (IMPRINT)
Place of publication, distribution, etc Surrey :
Name of publisher, distributor, etc Ashgate ,
Date of publication, distribution, etc 2009.
300 ## - PHYSICAL DESCRIPTION
Extent vii , 305 p. :
Other physical details ill., charts. ;
Dimensions 24 cm
490 0# - SERIES STATEMENT
Series statement Transport and Mobility Series ;
504 ## - BIBLIOGRAPHY, ETC. NOTE
Bibliography, etc Includes Index.
650 #0 - SUBJECT ADDED ENTRY--TOPICAL TERM
Topical term or geographic name as entry element Harbors
General subdivision Location
Form subdivision Textbooks
650 #0 - SUBJECT ADDED ENTRY--TOPICAL TERM
Topical term or geographic name as entry element Harbors
General subdivision Economic aspects
Form subdivision Textbooks
700 ## - ADDED ENTRY--PERSONAL NAME
Personal name Notteboom, Theo
Relator term Editor
700 ## - ADDED ENTRY--PERSONAL NAME
Personal name Ducruet, Cesar
Relator term Editor
700 ## - ADDED ENTRY--PERSONAL NAME
Personal name Delangen, Peter
Relator term Editor
852 ## - LOCATION/CALL NUMBER
Location IMU Kochi Library
942 ## - ADDED ENTRY ELEMENTS (KOHA)
Item type Reference book
Holdings
Withdrawn status Lost status Source of classification or shelving scheme Damaged status Not for loan Collection code Permanent location Current location Shelving location Date acquired Source of acquisition Cost, normal purchase price Full call number Barcode Date last seen Koha item type Public note
          Management Studies IMU Kochi Library IMU Kochi Library Reference 2014-03-04 M/s Unique Book Store (Inv. No.2014/65 Dt 2014-03-03) 8167.00 387.1 N848 BK002666 2020-01-07 Books Shelf-1, Row-1


Copyright © All Rights Reserved by Indian Maritime University, Kochi Campus.
For any Suggestions/Query Contact to library or Email: library.kochi@imu.ac.in Ph:(0484)-2989402
(Web OPAC Designed by Rudra Ranjan. Maintained by IMU Kochi Library)

Powered by Koha